00250nam a2200085Ia 4500001000800000005001700008008004100025245007400066260002400140120721520251017100936.0250824s9999 xx 000 0 und d 0aİKİ HÖDÜĞÜN SEYAHATİ cHÜSEYİN RAHMİ GÜRPINAR bÖZGÜR YAYINLARI